| 000 | 00588nam a2200205 i 4500 | ||
|---|---|---|---|
| 001 | bg | ||
| 100 | 1 | _aŻUKOWSKI, Paweł | |
| 245 | 1 | 0 |
_aEURO - świat, Europa, Polska / _cPaweł Żukowski. |
| 260 |
_aWarszawa : _bCeDeWu, _c2002. |
||
| 300 |
_a200 s., 2 k.tabl.kolor. : _bwykr. ; _c20 cm. |
||
| 650 | 9 | _aEuro (pieniądz) | |
| 020 | _a8387885223 | ||
| 040 | _cBPK | ||
| 041 | 0 | _apl | |
| 080 | _a336.744(4-67) | ||
| 920 | _a83-87885-22-3 | ||
| 942 | _cKS | ||
| 008 | s pl f |000 0 pol | ||
| 999 |
_c41071 _d41071 |
||
| 856 |
_uhttp://koha.tu.koszalin.pl/cgi-bin/koha/opac-detail.pl?biblionumber=41071 _yKatalog online BPK |
||